| 000 | 00948nam a2200229Ia 4500 | ||
|---|---|---|---|
| 005 | 20240530110955.0 | ||
| 008 | 140319s2007 xx 000 0 ara d | ||
| 040 |
_aGCL / _cGCL |
||
| 082 | 0 | 4 |
_a658.02 / _bض ا |
| 100 | 1 | _aضرار العتيبى | |
| 245 | 1 | 0 |
_aادارة المشروعات الانمائية : _bدراسة وتقرير الجدوى / _cتاليف ضرار العتيبى ، نضال الحوارى |
| 260 |
_aالاردن : _bدار اليازورى العلمية للنشر والتوزيع، _c2007 |
||
| 300 |
_a208 ص؛ _c24 سم |
||
| 650 | 0 | 4 |
_aالادارة _vالخدمة الاجتماعية |
| 650 | 0 | 4 | _aالمشروعات الانمائية |
| 650 | 0 | 4 | _aدراسة الجدوى |
| 650 | 0 | 4 | _aاتخاذ القرارات |
| 650 | 0 | 4 | _aتقييم المشروعات |
| 700 |
_aنضال الحوارى _eمؤلف مشارك |
||
| 942 |
_2ddc _cBK |
||
| 999 |
_c67079 _d67079 |
||